Entrepreneurship: A Practical Approach To Learning (Record no. 5526)

MARC details
000 -LEADER
fixed length control field 00371nam a22001337a 4500
005 - DATE AND TIME OF LATEST TRANSACTION
control field 20170816144423.0
008 - FIXED-LENGTH DATA ELEMENTS--GENERAL INFORMATION
fixed length control field 170816b xxu||||| |||| 00| 0 eng d
020 ## - INTERNATIONAL STANDARD BOOK NUMBER
ISBN 978-93-85000-88-1
041 ## - LANGUAGE CODE
Language code of text/sound track or separate title eng
245 ## - TITLE STATEMENT
Title Entrepreneurship: A Practical Approach To Learning
Medium [electronic resource]
260 ## - PUBLICATION, DISTRIBUTION, ETC. (IMPRINT)
Name of publisher CEGR
300 ## - PHYSICAL DESCRIPTION
Number of Pages 1 CD-ROM
Accompanying material Received along with book.
942 ## - ADDED ENTRY ELEMENTS (KOHA)
Koha item type CD/DVD
Holdings
Lost status Damaged status Home library Current library Date acquired Accession Number Koha item type
    JRU Library   16/08/2017 EAPATL0001 CD/DVD
    JRU Library   16/08/2017 EAPATL0002 CD/DVD
    JRU Library   16/08/2017 EAPATL0003 CD/DVD
    JRU Library   16/08/2017 EAPATL0004 CD/DVD
    JRU Library   16/08/2017 EAPATL0005 CD/DVD
    JRU Library   16/08/2017 EAPATL0006 CD/DVD
    JRU Library   16/08/2017 EAPATL0007 CD/DVD
    JRU Library   16/08/2017 EAPATL0008 CD/DVD
    JRU Library   16/08/2017 EAPATL0009 CD/DVD
    JRU Library   16/08/2017 EAPATL0010 CD/DVD
    JRU Library   16/08/2017 EAPATL0011 CD/DVD
    JRU Library   16/08/2017 EAPATL0012 CD/DVD
    JRU Library   16/08/2017 EAPATL0013 CD/DVD
    JRU Library   16/08/2017 EAPATL0014 CD/DVD
    JRU Library   16/08/2017 EAPATL0015 CD/DVD
    JRU Library   16/08/2017 EAPATL0016 CD/DVD
    JRU Library   16/08/2017 EAPATL0017 CD/DVD
    JRU Library   16/08/2017 EAPATL0018 CD/DVD
    JRU Library   16/08/2017 EAPATL0019 CD/DVD
    JRU Library   16/08/2017 EAPATL0020 CD/DVD
    JRU Library   16/08/2017 EAPATL0021 CD/DVD
    JRU Library   16/08/2017 EAPATL0022 CD/DVD
    JRU Library   16/08/2017 EAPATL0023 CD/DVD
    JRU Library   16/08/2017 EAPATL0024 CD/DVD
    JRU Library   16/08/2017 EAPATL0025 CD/DVD